Nomi italiani più diffusi con la D - Statistics

Statistiche generali
  • Questo quiz è stato fatto 1.115 volte
  • Il punteggio medio è 11 su 22
Statistiche sulle risposte
# Nome Maschile % Corretto
83.278 Davide
86%
84.352 Dario
85%
117.363 Daniele
82%
233.146 Daniela
78%
11.346 Daria
73%
452.002 Domenico
62%
77.953 Dino
56%
156.232 Domenica
55%
28.269 Damiano
49%
47.724 Dante
49%
59.354 Dina
48%
73.747 Donatella
47%
29.058 Diana
46%
49.788 Diego
46%
83.417 Donato
44%
21.226 Delia
40%
24.427 Dora
40%
15.289 Debora
39%
58.095 Danilo
38%
34.201 Donata
34%
14.803 Duilio
16%
15.906 Delfina
9%
Nessun quiz corrispondente trovato
Distribuzione punteggi
Percentuale di utenti per punteggio
Percentile per numero di risposta
I tuoi punteggi nel tempo
Non hai fatto questo quiz